Gramatika v praxi
Pri súčasnom rozvoji vedy a poznania má úroveň ovládania cudzieho jazyka veľký význam. Jedným z dôležitých faktorov, ktoré charakterizujú kvalitu cudzojazyčnej komunikatívnej kompetencie je aj úroveň ovládania, resp. správneho používania gramatiky daného cudzieho jazyka. Dôraz je potrebné klásť niel...
Salvato in:
| Autore principale: | |
|---|---|
| Altri autori: | |
| Natura: | Capitolo di libro |
| Lingua: | slovacco |
| Soggetti: | |
| Tags: |
Nessun Tag, puoi essere il primo ad aggiungerne!!
|
MARC
| LEADER | 00000nla a2200000 4500 | ||
|---|---|---|---|
| 001 | 0181708 | ||
| 005 | 20240502073121.8 | ||
| 041 | 0 | |a slo | |
| 044 | |a SK | ||
| 245 | 1 | 0 | |a Gramatika v praxi |c Ingrid Kunovská, Mária Mrázová |
| 520 | |a Pri súčasnom rozvoji vedy a poznania má úroveň ovládania cudzieho jazyka veľký význam. Jedným z dôležitých faktorov, ktoré charakterizujú kvalitu cudzojazyčnej komunikatívnej kompetencie je aj úroveň ovládania, resp. správneho používania gramatiky daného cudzieho jazyka. Dôraz je potrebné klásť nielen na obsah, ale aj na formu cudzojazyčného prejavu. | ||
| 610 | 2 | 0 | |a vzdelávanie |
| 610 | 2 | 0 | |a jazyky cudzie |
| 610 | 2 | 0 | |a nemčina |
| 610 | 2 | 0 | |a gramatika |
| 100 | 1 | |a Kunovská, Ingrid, 1976- | |
| 700 | 1 | |a Mrázová, Mária | |